| 000 | 00605nam a22002057a 4500 | ||
|---|---|---|---|
| 999 |
_c9245 _d9245 |
||
| 003 | AR-CdUCM | ||
| 008 | 190327b ||||| |||| 00| 0 spa d | ||
| 040 |
_aMUNICIPALIDAD PROVINCIAL DEL CUSCO _cBIBLIOTECA MUNICIPAL DEL CUSCO |
||
| 082 |
_a869.56 / _bP438 |
||
| 100 |
_aPerez Contreras, Algemiro _910276 |
||
| 245 | _aTres jóvenes poetas de Junin / | ||
| 260 |
_aJunin : _bXauxal. |
||
| 300 |
_a20 páginas ; _c21 cm. |
||
| 505 | _aContenido: Poemas de Junin. | ||
| 650 |
_aPoemas de Junin. _925323 |
||
| 650 |
_aPoesía peruana _9806 |
||
| 650 |
_aPerú _935 |
||
| 942 |
_2ddc _cLIBROS |
||
| 945 | _adavv | ||